<?xml version="1.0" encoding="UTF-8"?>
<record
    xmlns:xsi="http://www.w3.org/2001/XMLSchema-instance"
    xsi:schemaLocation="http://www.loc.gov/MARC21/slim http://www.loc.gov/standards/marcxml/schema/MARC21slim.xsd"
    xmlns="http://www.loc.gov/MARC21/slim">

  <leader>01908nam a2200301 a 4500</leader>
  <controlfield tag="001">000017126</controlfield>
  <controlfield tag="003">DO-SdBNP</controlfield>
  <controlfield tag="005">20171003133035.0</controlfield>
  <controlfield tag="007">000017126</controlfield>
  <controlfield tag="008">100318s2000    dr a          000 0 spa d</controlfield>
  <datafield tag="020" ind1=" " ind2=" ">
    <subfield code="z">999340874</subfield>
  </datafield>
  <datafield tag="040" ind1=" " ind2=" ">
    <subfield code="a">BPMSU</subfield>
    <subfield code="b">spa</subfield>
    <subfield code="c">BPMSU</subfield>
  </datafield>
  <datafield tag="082" ind1=" " ind2="4">
    <subfield code="a">RD864.44</subfield>
    <subfield code="b">R457p</subfield>
  </datafield>
  <datafield tag="100" ind1="1" ind2=" ">
    <subfield code="a">Reyes-Vsquez, Radhams,</subfield>
    <subfield code="d">1952-</subfield>
  </datafield>
  <datafield tag="245" ind1="1" ind2="0">
    <subfield code="a">Parece que fue ayer :</subfield>
    <subfield code="b">(los abismos de la memoria) /</subfield>
    <subfield code="c">Radhams Reyes-Vsquez.</subfield>
  </datafield>
  <datafield tag="260" ind1=" " ind2=" ">
    <subfield code="a">Santo Domingo :</subfield>
    <subfield code="b">Cocolo,</subfield>
    <subfield code="c">2000.</subfield>
  </datafield>
  <datafield tag="300" ind1=" " ind2=" ">
    <subfield code="a">177 p. :</subfield>
    <subfield code="b">il. ;</subfield>
    <subfield code="c">22 cm.</subfield>
  </datafield>
  <datafield tag="500" ind1=" " ind2=" ">
    <subfield code="a">Incluye notas al pie de las p&#xE1;ginas</subfield>
  </datafield>
  <datafield tag="500" ind1=" " ind2=" ">
    <subfield code="a">Incluye datos biogr&#xE1;ficos del autor en las solapas</subfield>
  </datafield>
  <datafield tag="505" ind1="0" ind2=" ">
    <subfield code="t">Los nombre de la memoria, la memoria fugaz, aunque eterna --</subfield>
    <subfield code="t">Mi generaci&#xF3;n mis contemporaneos --</subfield>
    <subfield code="t">Ahora que a&#xFA;n perfuma el recuerdo -- </subfield>
    <subfield code="t">El destino no siempre f&#xE9;rtil de Luis Alfredo Torres -- </subfield>
    <subfield code="t">Miguel Alfonseca, m&#xE1;s all&#xE1; de la memoria -- </subfield>
    <subfield code="t">Franklin Mieses Burgos sin mundo ya y herido por el cielo -- </subfield>
    <subfield code="t">Las noches bohemias y las tardes apacibles de Antonio Fern&#xE1;ndez Spencer -- </subfield>
    <subfield code="t">La memoria viva de monse&#xF1;or Oscar Robles Toledo o los dedos en la llaga --</subfield>
    <subfield code="t">Manuel, la muerte no es un adi&#xF3;s -- </subfield>
    <subfield code="t">Bohemia y pasi&#xF3; de Antonio Zanglul -- </subfield>
    <subfield code="t">Memorias de Moreno Domingo Jimenes -- </subfield>
    <subfield code="t">Pedro Mir entre nosotros -- </subfield>
    <subfield code="t">Una visita de Manuel del Cabral --</subfield>
    <subfield code="t">Entre el poema y la sombra, un encuentro con el Dr. Balaguer --</subfield>
    <subfield code="t"> Juan Bosch, el ejemplo -- </subfield>
    <subfield code="t">Fausto Rey, Ramoncito Sep&#xFA;lvedza, El niche, Momi, el otro, el mismo, la bachata primera -- </subfield>
    <subfield code="t">El r&#xED;o sin rumor : la autop&#xED;a del signo -- </subfield>
    <subfield code="t">Las voces de Lupo Hern&#xE1;ndez Rueda.</subfield>
  </datafield>
  <datafield tag="650" ind1=" " ind2="4">
    <subfield code="a">ENSAYOS DOMINICANOS</subfield>
  </datafield>
  <datafield tag="650" ind1=" " ind2="4">
    <subfield code="a">LITERATURA DOMINICANA</subfield>
    <subfield code="x">CR&#xCD;TICA E INTERPRETACI&#xD3;N</subfield>
  </datafield>
  <datafield tag="650" ind1=" " ind2="4">
    <subfield code="a">ESCRITORES DOMINICANOS</subfield>
    <subfield code="x">CR&#xCD;TICA E INTERPRETACI&#xD3;N</subfield>
  </datafield>
  <datafield tag="910" ind1=" " ind2=" ">
    <subfield code="a">Validado. Control de calidad MFF</subfield>
  </datafield>
  <datafield tag="942" ind1=" " ind2=" ">
    <subfield code="2">ddc</subfield>
    <subfield code="c">MP</subfield>
  </datafield>
  <datafield tag="945" ind1=" " ind2=" ">
    <subfield code="a">Inventariado / 2017 VM</subfield>
  </datafield>
  <datafield tag="952" ind1=" " ind2=" ">
    <subfield code="0">0</subfield>
    <subfield code="1">0</subfield>
    <subfield code="2">ddc</subfield>
    <subfield code="4">0</subfield>
    <subfield code="7">0</subfield>
    <subfield code="8">CD</subfield>
    <subfield code="a">BPMET</subfield>
    <subfield code="b">BPMET</subfield>
    <subfield code="d">2015-04-15</subfield>
    <subfield code="l">0</subfield>
    <subfield code="o">RD864.44  R457p</subfield>
    <subfield code="p">BPMSU15040440</subfield>
    <subfield code="r">2015-04-15</subfield>
    <subfield code="w">2015-04-15</subfield>
    <subfield code="y">MP</subfield>
  </datafield>
  <datafield tag="952" ind1=" " ind2=" ">
    <subfield code="0">0</subfield>
    <subfield code="1">0</subfield>
    <subfield code="2">ddc</subfield>
    <subfield code="4">0</subfield>
    <subfield code="7">0</subfield>
    <subfield code="8">CD</subfield>
    <subfield code="a">BPMET</subfield>
    <subfield code="b">BPMET</subfield>
    <subfield code="d">2015-04-15</subfield>
    <subfield code="l">0</subfield>
    <subfield code="o">RD864.44    R457p</subfield>
    <subfield code="p">BPMSU15040441</subfield>
    <subfield code="r">2015-04-15</subfield>
    <subfield code="t">e. 2</subfield>
    <subfield code="w">2015-04-15</subfield>
    <subfield code="y">MP</subfield>
  </datafield>
  <datafield tag="956" ind1=" " ind2=" ">
    <subfield code="a">VMATEO</subfield>
    <subfield code="b">10</subfield>
    <subfield code="c">20150415</subfield>
    <subfield code="l">BNPHU</subfield>
    <subfield code="h">00151</subfield>
  </datafield>
  <datafield tag="999" ind1=" " ind2=" ">
    <subfield code="c">7647</subfield>
    <subfield code="d">7647</subfield>
  </datafield>
</record>
